| 000 | 00888nam a22002537a 4500 | ||
|---|---|---|---|
| 005 | 20240530110602.0 | ||
| 008 | 161011s2014 ua fa g 000 0dara d | ||
| 017 |
_a2014/3123 _bمصر. دار الكتب |
||
| 020 | _a9789774487750 | ||
| 040 |
_aEG-CaGPL _cEG-CaGPL |
||
| 082 | 0 | 4 |
_221 _a902\ _bي إ |
| 100 | 0 | _aياسر شحاتة . | |
| 245 | 1 | 0 |
_aاعادة قراءة التاريخ / _cياسر شحاتة . |
| 250 | _aط1. | ||
| 260 |
_aالقاهرة : _bالهيئة المصرية العامة للكتاب ، _c2014 . |
||
| 300 |
_a436 ص : _bايض ؛ _c24 سم . |
||
| 650 | 0 | 7 |
_2qrmak _aالتاريخ _xنظريات . |
| 650 | 0 | 7 | _aالعصر الحجرى . |
| 650 | 0 | 7 | _aالعلوم عند الفراعنة . |
| 650 | 0 | 7 | _aالحضارة الفرعونية . |
| 651 | 0 | 7 |
_aمصر القديمة _xتاريخ . |
| 942 |
_2ddc _cBK |
||
| 999 |
_c62688 _d62688 |
||